Statistics for 9 Oldest Video Games

Click here to take the quiz!

General Stats

  • This quiz has been taken 53 times
  • The average score is 2 of 9

Answer Stats

HintAnswer% Correct
5Pong
100%
1Tennis for Two
31%
2Spacewar
16%
3Computer Space
12%
9Gun Fight
10%
8Tank
10%
4Galaxy
8%
7Gran Trak 10
8%
6Space Race
8%

Score Distribution

Percentile by Number Answered

Percent of People with Each Score

Your Score History

You have not taken this quiz